000 00984nam a22003257a 4500
001 BR9702790
003 BR-BrBNA
005 20230928095434.0
007 ta
008 230509b bl.||||| |||| 00| 0 por d
040 _aBR-BrBNA
_bpor
_cBiblioteca Nacional de Agricultura
041 _a(Por)
072 _aE16
_b9210
_b9250
090 _ 9210 BR9702790
100 1 _aSarmento, E.P. de M.
100 1 _aCarvalho Junior, I.C. de
100 1 _aGianetti, S. de J.
110 1 _aCentro de Tecnologia Agricola e Alimentar, Rio de Janeiro, RJ (Brasil)
_91664
245 1 _aSubstituicao de farinhas tradicionais na alimentacao humana e suas implicacoes nos demais setores
260 3 _aRio de Janeiro, RJ (Brasil):
_c1980.
300 _a38 p.
500 _a9 ref.; 14 tables
650 _aFarinha
650 _aMandioca
650 _aMilho
650 _aSuplemento Alimentar
650 _aEstatistica de Producao
909 _a202309
_bLucia
_c55
_dLucia Elande
942 _cBK
999 _c56573
_d56573